Responses for show #8012 - Tuesday, June 11, 2019

Contestants

Terri Evans, a writer and editor from Natick, Massachusetts

Dan Martson, a forklift operator from Declo, Idaho

Martin Kane, a high school teacher from Martin, Tennessee (whose 1-day cash winnings total $35,601)

Jeopardy! Round responses

I'M ON THE MONEY
KEEP YOUR PLACES STRAIGHT
RECENT CINEMA OF THE PAST
BABY
SHARP
"DOO", "DOO", "DOO", "DOO", "DOO", "DOO"
    $200 26
Nelson Mandela

Martin
    $200 6
Arlington

Martin
    $200 1
Laurel and Hardy

Martin
    $200 16
tears

Martin
    $200 11
cheating

Dan
    $200 21
a doodle

Dan
    $400 27
Hillary

Martin
    $400 10
Springfield

Terri
    $400 2
Dick Cheney

Dan
    $400 17
an incubator

Martin
    $400 12
a sharpshooter

Martin
    $400 22
skidoo

Terri
    $600 28
Florence Nightingale

Martin
    $600 7
Vancouver

Terri
    $600 3
Mary, Queen of Scots

Dan
    $600 18
an army crawl

Martin
    $600 13
the creases

Martin
    $600 23
doo-wop

Martin
    $800 29
Niels Bohr

Martin
    $600 8
(Terri: What is Tulane?)

Lafayette

Terri
    $800 4
Hidden Figures

Terri
    $800 19
colic

Martin
    $800 14
Sharp Objects

Dan
    $800 24
a didgeridoo

Martin
    $1000 30
Sukarno

Triple Stumper
    $1000 9
Rochester

Terri
    $1000 5
(Terri: What is Tanzania?)
(Martin: What is Spain?)
(Dan: What is the UK?)

Norway

MartinDanTerri
Triple Stumper
    $1000 20
a fontanelle

Martin
    $1000 15
Ginsu

Dan
    $1000 25
(Alex: With a minute to go now.)

Dr. Doom

Terri

Scores at the first commercial break (after clue 15):

Martin Dan Terri
$400 $2,000 $1,200

Scores at the end of the Jeopardy! Round:

Martin Dan Terri
$6,800 $2,200 $2,600

Double Jeopardy! Round responses

BIRTHPLACES
BUSINESS
LITERARY GREEN THUMB
WHAT HAPPENED?
FERGUSON
FROM THE GERMAN
    $400 15
Spain

Dan
    $400 26
H&R Block

Martin
    $400 19
roses

Terri
    $400 1
periscopes

Terri
    $400 21
The Black Eyed Peas

Martin
    $400 6
an autobahn

Martin
    $800 16
Quebec

Terri
    $8,000 30
(Alex: British Petroleum.)

BP

Dan
    $800 20
The Giving Tree

Dan
    $800 2
seppuku

Dan
    $800 22
Prince Andrew

Martin
    $800 7
wanderlust

Dan
    $1200 14
L.A.

Dan
    $1200 27
Lufthansa

Terri
    $4,200 11
a tiger lily

Martin
    $1200 3
Richthofen (or the Red Baron)

Martin
    $1200 23
tractors

Dan
    $1200 8
seltzer

Martin
    $1600 17
Israel

Terri
    $1600 28
Ace

Dan
    $1600 12
the red fern

Dan
    $1600 4
Thomas Paine

Martin
    $1600 24
MMA (or mixed martial arts)

Martin
    $1600 9
kitsch

Martin
    $2000 18
Melbourne

Triple Stumper
    $2000 29
Stockholm

Triple Stumper
    $2000 13
Virgil

Martin
    $2000 5
(Martin: Who are Cartier and Champlain?)

Marquette and Joliet

Martin
Triple Stumper
    $2000 25
St. Louis

Dan
    $2000 10
(Terri: What is alpen...staff?)

alpenstock

Terri
Triple Stumper

Scores at the end of the Double Jeopardy! Round:

Martin Dan Terri
$20,200 $20,600 $5,000

[wagering suggestions for these scores]

Final Jeopardy! Round responses

LANDMARKS
TerriWhat is the Taj Mahal
$4,900
MartinWhat is the Taj Mahal
$401
DanWhat is the Taj Mahal?
$20,000
the Taj Mahal

Final scores:

Martin Dan Terri
$20,601 $40,600 $9,900
2nd place: $2,000 New champion: $40,600 3rd place: $1,000

Game dynamics:

Coryat scores:

Martin Dan Terri
$17,200 $13,400 $5,600
26 R
(including 1 DD),
2 W
16 R
(including 1 DD),
1 W
11 R,
3 W
(including 1 DD)

Combined Coryat: $36,200

The J! Archive is created by fans, for fans. The Jeopardy! game show and all elements thereof, including but not limited to copyright and trademark thereto, are the property of Jeopardy Productions, Inc. and are protected under law. This website is not affiliated with, sponsored by, or operated by Jeopardy Productions, Inc. Join the discussion at JBoard.tv.